Technological transformation and relevance of Gandhi in modern India (Record no. 43467)

000 -LEADER
fixed length control field 01151pab a2200169 454500
008 - FIXED-LENGTH DATA ELEMENTS--GENERAL INFORMATION
fixed length control field 180718b1999 xxu||||| |||| 00| 0 eng d
100 ## - MAIN ENTRY--PERSONAL NAME
Personal name Awasthi, R.K.
245 ## - TITLE STATEMENT
Title Technological transformation and relevance of Gandhi in modern India
260 ## - PUBLICATION, DISTRIBUTION, ETC.
Date of publication, distribution, etc. 1999
300 ## - PHYSICAL DESCRIPTION
Extent p.508-24
362 ## - DATES OF PUBLICATION AND/OR SEQUENTIAL DESIGNATION
Dates of publication and/or sequential designation Oct
520 ## - SUMMARY, ETC.
Summary, etc. Since the beginning of planned development in India, the issue of technology has been raised at various levels and also recognised as one of the aspects of planning strategy. It appears that the process has bypassed problems related to the technology for the eradication of rural unemployment. The present exercise puts forward the basic principles of rural reconstruction as envisaged by Mahatma Gandhi who devoted all his energies in search of viable, sustainable and capital saving machines. The present article, attempts to highlight the views of Mahatma Gandhi in the sphere of technology and suggests means accordingly, so that the worker is not displaced from his/her home and hearth. - Reproduced
650 ## - SUBJECT ADDED ENTRY--TOPICAL TERM
Topical term or geographic name entry element Technological change - India
650 ## - SUBJECT ADDED ENTRY--TOPICAL TERM
Topical term or geographic name entry element Gandhi, M.K.
773 ## - HOST ITEM ENTRY
Main entry heading Indian Journal of Social Work
909 ## -
-- 43467
Holdings
Withdrawn status Lost status Damaged status Not for loan Permanent Location Current Location Date acquired Serial Enumeration / chronology Barcode Date last seen Price effective from Koha item type
        Indian Institute of Public Administration Indian Institute of Public Administration 2018-07-19 Volume no: 60, Issue no: 4 AR43862 2018-07-19 2018-07-19 Articles

Powered by Koha